US Multinational Urban Agglomerations - Statistics

General Stats
  • This quiz has been taken 64 times
  • The average score is 9 of 12
Answer Stats
Hint Answer % Correct
California San Diego
96%
Michigan Detroit
95%
British Columbia Vancouver
91%
New York Buffalo
89%
Texas El Paso
89%
Baja California Tijuana
87%
Ontario Windsor
80%
Chihuahua Juárez
69%
Ontario Niagara Region
69%
Baja California Mexicali
60%
California Calexico
45%
Washington Bellingham
35%
No matching quizzes found
Score Distribution
Percent of People with Each Score
Percentile by Number Answered
Your Score History
You have not taken this quiz